[Event "TCh-HUN 2010-11"]
[Site "Budapest HUN"]
[Date "2011.04.10"]
[Round "8"]
[White "Emodi,B"]
[Black "Csonka,B"]
[Result "1/2-1/2"]
[WhiteElo "2369"]
[BlackElo "2263"]

1.c4 c6 2.Nf3 Nf6 3.e3 d5 4.b3 Bg4 5.Be2 e6 6.O-O Nbd7 7.Bb2 Bd6 8.h3 Bh5
9.d3 O-O 10.Nbd2 Qe7 11.Re1 Ba3 12.Qc1 Bxb2 13.Qxb2 a6 14.b4 Rac8 15.a4 dxc4
16.Nxc4 Nd5 17.b5 axb5 18.axb5 cxb5 19.Qxb5 Nc5 20.Ra3 Ra8 21.Rc1 Rxa3 22.Nxa3 b6
23.Nb1 Qf6 24.d4 Ne4 25.Qd3 Bg6 26.Qa6 h6 27.Rc8 Rxc8 28.Qxc8+ Kh7 29.Qc1 Bh5
30.Qc2 Bg6 31.Qb2 Bh5 32.Nbd2 Nxd2 33.Qxd2 Bxf3 34.Bxf3 g6  1/2-1/2

[Event "13th Dubai Open"]
[Site "Dubai UAE"]
[Date "2011.04.10"]
[Round "1"]
[White "Arutinian,D"]
[Black "Dimarucut,Francis Erwin"]
[Result "1-0"]
[WhiteElo "2575"]
[BlackElo "2156"]

1.c4 c6 2.e4 e5 3.Nf3 d6 4.d4 Nd7 5.Nc3 Ngf6 6.Be2 Be7 7.O-O O-O 8.h3 h6
9.Be3 a6 10.d5 c5 11.a3 Re8 12.b4 Bf8 13.Nd2 a5 14.bxc5 Nxc5 15.Rb1 Ra6 16.Qc2 Qe7
17.Rb2 g5 18.Rfb1 Qd8 19.Na4 Nfd7 20.Nf1 Re7 21.Ng3 f5 22.Nxf5 Rf7 23.Bh5 Rf6
24.Bg4 Rf7 25.Ng3 Rf4 26.Nxc5 dxc5 27.Be6+ Rxe6 28.dxe6  1-0

[Event "11th European Senior"]
[Site "Courmayeur ITA"]
[Date "2011.04.11"]
[Round "6.33"]
[White "Kayaman,M"]
[Black "Diaz Begonte,M"]
[Result "1-0"]
[WhiteElo "1973"]
[BlackElo "1778"]

1.c4 c6 2.Nf3 d5 3.d4 e6 4.Nc3 dxc4 5.a4 Bb4 6.e3 b5 7.Bd2 Bxc3 8.Bxc3 Nf6
9.axb5 cxb5 10.b3 Ne4 11.Ba5 Qd5 12.bxc4 bxc4 13.Ne5 Nd6 14.Bb4 O-O 15.Ra5 Qb7
16.Bxd6 Rd8 17.Ba3 Nc6 18.Nxc6 Qxc6 19.Be2 Qb6 20.Rc5 Bb7 21.O-O Bd5 22.Qa4 Qb3
23.Qa5 Qc2 24.Re1 Qe4 25.Bf1 h5 26.f3 Qg6 27.e4 Bb7 28.Rc7 Rab8 29.Rxb7  1-0

[Event "11th European Senior"]
[Site "Courmayeur ITA"]
[Date "2011.04.13"]
[Round "8.42"]
[White "Carboni,G"]
[Black "Gulinelli,E"]
[Result "1/2-1/2"]
[WhiteElo "1827"]
[BlackElo "1658"]

1.c4 c6 2.g3 d5 3.Bg2 Nf6 4.Nf3 g6 5.cxd5 cxd5 6.b3 Bg7 7.Bb2 O-O 8.O-O Re8
9.d3 Nc6 10.Nbd2 b6 11.Rc1 Bb7 12.a3 Rc8 13.Rc2 e5 14.Qa1 d4 15.Rfc1 Qd7
16.Ng5 Ne7 17.Bh3 Nf5 18.Nde4 Rxc2 19.Rxc2 Rc8 20.Qc1 Rxc2 21.Qxc2 Qc8 22.Qd1 Bxe4
23.dxe4 Ne3 24.Bxc8 Nxd1 25.Bc1 Bh6 26.Bb7 Nc3 27.Kf1 Bxg5 28.Bxg5 Nfxe4
29.Be7 Nc5 30.Bxc5 bxc5 31.h3 Kf8 32.f3 Ke7 33.Kf2 Kd6 34.Ba6 Nd5 35.Bc4 f6
36.h4 h6 37.Bd3 g5 38.hxg5 hxg5 39.g4 Nf4 40.Bc4 Nd5 41.a4 a5 42.Ke1 Ne3
43.Bf7 Ng2+ 44.Kf2 Nf4 45.Bg8 Nd5 46.Bh7 Nc3 47.Ke1 Nd5 48.Kd2 Nf4 49.Bg8 Ke7
50.Bh7 Kf7 51.Be4 Ke6 52.Bh7 Kd6 53.Bg8 Ke7 54.Bh7  1/2-1/2

[Event "TCh-RUS Premier"]
[Site "Olginka RUS"]
[Date "2011.04.14"]
[Round "3"]
[White "Roiz,M"]
[Black "Cheremnova,T"]
[Result "1-0"]
[WhiteElo "2661"]
[BlackElo "2221"]

1.c4 c6 2.Nf3 d5 3.d4 e6 4.Qc2 dxc4 5.Qxc4 Nf6 6.Bg5 b5 7.Qc2 Bb7 8.e4 h6
9.Bxf6 Qxf6 10.Bd3 Nd7 11.O-O a6 12.Nbd2 c5 13.e5 Qd8 14.a4 b4 15.Be4 Qb8
16.Nb3 cxd4 17.Rfd1 Qa7 18.Rac1 Bxe4 19.Qxe4 Be7 20.Nfxd4 Bg5 21.f4 Bd8 22.Kh1 a5
23.Nb5 Qa6 24.Rxd7  1-0

[Event "13th Dubai Open"]
[Site "Dubai UAE"]
[Date "2011.04.16"]
[Round "6"]
[White "Guidez,YM"]
[Black "Zarkua,D"]
[Result "0-1"]
[WhiteElo "2247"]
[BlackElo "2397"]

1.c4 c6 2.Nc3 d5 3.e3 Nf6 4.Nf3 e6 5.b3 Nbd7 6.Bb2 Bd6 7.Qc2 O-O 8.Be2 a6
9.cxd5 exd5 10.O-O-O Re8 11.Ng5 a5 12.h4 b5 13.f4 a4 14.Bd3 h6 15.g4 axb3
16.axb3 Nc5 17.Bh7+ Kf8 18.Nxf7 Kxf7 19.Bg6+ Kf8 20.g5 Ng4 21.Rdf1 Re7 22.f5 b4
23.f6 gxf6 24.Ne2 Ra2 25.gxh6 Qa5 26.Kd1 Be5 27.Nd4 Bxd4 28.exd4 Ne4 29.Bxe4 dxe4
30.Qxc6 Qa6 31.h7 Rxh7 32.Qc5+ Re7 33.Qh5 Ra1+  0-1

[Event "13th Dubai Open"]
[Site "Dubai UAE"]
[Date "2011.04.16"]
[Round "7"]
[White "Grabinsky,V"]
[Black "Hilwani,T"]
[Result "0-1"]
[WhiteElo "2303"]
[BlackElo "2272"]

1.c4 c6 2.d4 d5 3.cxd5 cxd5 4.Nc3 Nf6 5.Nf3 Nc6 6.Bf4 a6 7.Rc1 Bf5 8.Ne5 e6
9.Qb3 Nxe5 10.dxe5 Nd7 11.Qxb7 Rb8 12.Qxa6 Rb6 13.Qa4 Rb4 14.Qa6 Rxf4 15.e3 d4
16.exf4 dxc3 17.bxc3 Bc5 18.Bb5 O-O 19.O-O Nb6 20.Rfd1 Qc7 21.Bd3 Ra8 22.Qb5 Bxd3
23.Rxd3 Rxa2 24.Qe8+ Bf8 25.f5 Qxe5 26.fxe6 Qxe6 27.Rd8 Qxe8 28.Rxe8 g6 29.Kf1 Kg7
30.Re2 Ra4 31.g3 h5 32.Rd1 Rc4 33.Rd3 Rc7 34.Re4 Be7 35.Ke2 Bf6 36.Kd2 Nc4+
37.Kc2 Ne5 38.Rdd4 Ng4 39.Rc4 Ra7 40.Ra4 Rc7 41.Rac4 Rd7 42.f4 Nxh2 43.Re3 Nf1
44.Rd3 Re7 45.Rc6 Ne3+ 46.Kd2 Nf5 47.c4 Ra7 48.Rc8 Nd4 49.c5 Ra2+ 50.Kd1 Ra6
51.Kd2 Ra2+ 52.Kd1 Ra4 53.c6 Rc4 54.c7 Ne6 55.Rd7 Bc3 56.Ra8 Rxc7 57.Rxc7 Nxc7
58.Rc8 Ba5 59.Ke2 Ne6 60.Kf3 Bc7 61.Ra8 h4 62.gxh4 Bxf4 63.Ra7 Bd2 64.Kg4 Bc3
65.h5 g5 66.Kf5 Bd4 67.Rd7 Be3 68.h6+ Kxh6 69.Rxf7 Ng7+ 70.Kg4 Kg6 71.Rc7 Bd4
72.Rd7 Bf6 73.Rd5 Ne6 74.Ra5 Nf4 75.Ra3 Nd5 76.Rd3 Nb6 77.Rb3 Nc4 78.Rb8 Ne5+
79.Kg3 Kf5 80.Rb1 Ng6 81.Rb4 Be5+ 82.Kf3 Bf4 83.Ra4 Ne5+ 84.Kg2 Kg4 85.Ra5 Nf3
86.Rxg5+ Bxg5 87.Kf2 Kf4 88.Ke2 Ke4 89.Kf2 Ne5 90.Kg2 Nd3 91.Kg3 Be3 92.Kg2 Kf4
93.Kf1 Nf2 94.Kg2 Bd4 95.Kg1 Kf3 96.Kh2 Be5+ 97.Kg1 Bd6 98.Kf1 Bh2 99.Ke1 Ne4
100.Kd1 Ke3 101.Kc2 Nd2 102.Kc3 Bd6 103.Kc2 Bb4 104.Kd1 Nc4 105.Kc2 Na5 106.Kc1 Kd3
107.Kd1 Nc4 108.Kc1 Bd2+ 109.Kb1 Kc3 110.Ka2 Kb4 111.Kb1 Kb3 112.Ka1 Bb4
113.Kb1 Ba3  0-1

[Event "Branko Vukmanovic Mem Open"]
[Site "Tivat MNE"]
[Date "2011.04.16"]
[Round "1.13"]
[White "Ermenkov,Evgenij"]
[Black "Gaco,S"]
[Result "1-0"]
[WhiteElo "2451"]
[BlackElo "2060"]

1.c4 c6 2.d4 d5 3.Bf4 Nf6 4.e3 e6 5.Nc3 Be7 6.h3 Nbd7 7.Nf3 Ne4 8.Nxe4 dxe4
9.Nd2 f5 10.a3 c5 11.dxc5 Nxc5 12.b4 Nd3+ 13.Bxd3 Qxd3 14.Qb3 Bf6 15.Qxd3 exd3
16.O-O-O e5 17.Bg3 e4 18.f3 Bc3 19.fxe4 Bxd2+ 20.Kxd2 fxe4 21.Rhf1 g5 22.Bd6 Be6
23.Kc3 Kd7 24.c5 Kc6 25.Kd4 Rhe8 26.Rf6 a5 27.Rh6 axb4 28.axb4 Ra4 29.Rb1 Bf5
30.Rh5 b6 31.Rxg5 bxc5+ 32.Bxc5 Bg6 33.Rd5 Re6 34.Rb2 Bf7  1-0

[Event "Norsk Open A"]
[Site "Fagernes NOR"]
[Date "2011.04.17"]
[Round "4"]
[White "Christiansen,Johan-Sebastian"]
[Black "Hansen,Vi"]
[Result "0-1"]
[WhiteElo "1924"]
[BlackElo "2125"]

1.c4 c6 2.d4 d5 3.e3 Nf6 4.Nc3 a6 5.Nf3 Bg4 6.h3 Bh5 7.Bd3 e6 8.O-O b5 9.b3 Bd6
10.Bb2 O-O 11.Re1 b4 12.Na4 Ne4 13.a3 a5 14.Be2 f5 15.Nd2 Be8 16.axb4 axb4
17.Nxe4 fxe4 18.Qd2 Qh4 19.Bg4 Rf6 20.Nc5 Rxa1 21.Rxa1 Bf7 22.Ra8 h5 23.Bd1 Kh7
24.Nb7 Bc7 25.Nd8 Bg6 26.Qe2 Bh2+ 27.Kxh2 Rxf2 28.Qxf2 Qxf2 29.Rxb8 h4 30.Ra8 Qg3+
31.Kh1 Qe1+ 32.Kh2 Qxd1 33.Nxe6 Qb1 34.Nf8+ Kh6 35.Ne6 Bf5 36.Rh8+ Kg6 37.Nf4+ Kf7
38.Rh5 Bd7 39.cxd5 Qxb2 40.dxc6 Bxc6 41.Rf5+ Ke7 42.Ng6+ Kd6 43.Ne5 Qxb3
44.Rg5 Bd5 45.Rg6+ Kc7 46.Rxg7+ Kb6 47.Rg6+ Kb5 48.Rd6 Be6 49.Rc6 Qxe3 50.Rxe6 Qg3+
51.Kh1 b3 52.Re8 e3 53.Rb8+ Ka4 54.Ra8+ Kb4 55.Rb8+ Kc3 56.Rc8+ Kxd4 57.Nf3+ Kd3
58.Rd8+ Kc3 59.Rc8+ Kb2 60.Re8 Qf2 61.Kh2 Kb1 62.Re7 b2 63.Re8 Kc1 64.Rc8+ Qc2  0-1

[Event "Norsk Open A"]
[Site "Fagernes NOR"]
[Date "2011.04.17"]
[Round "7"]
[White "Solodovnichenko,Y"]
[Black "Kasparov,S"]
[Result "0-1"]
[WhiteElo "2577"]
[BlackElo "2473"]

1.c4 c6 2.e4 d5 3.exd5 cxd5 4.d4 Nf6 5.Nc3 g6 6.Qb3 Bg7 7.cxd5 O-O 8.Nge2 Na6
9.Nf4 Qb6 10.Bc4 Bf5 11.Qxb6 axb6 12.Be3 Nb4 13.Kd2 Bh6 14.d6 Rfc8 15.Bb3 exd6
16.a3 Nc6 17.Nfd5 Nxd5 18.Nxd5 Nxd4 19.Bd1 Rc5 20.Nxb6 Ra6 21.b4 Bxe3+ 22.fxe3 Nc2
23.bxc5 Nxa1 24.a4 dxc5 25.Nc4 Bd7 26.Kc3 Bxa4 27.Kb2 b5 28.Bxa4 Rxa4 29.Nb6 Ra6
30.Nd5 Nc2 31.Kxc2 Ra2+ 32.Kc3 Rxg2 33.Nf6+ Kg7 34.Ne4 Rg4 35.Nd6 b4+ 36.Kd3 Rh4
37.h3 f5 38.e4 Kf6 39.Ke3 Ke6 40.Rd1 Rxh3+ 41.Kf4 Rh4+ 42.Kg3 Rg4+ 43.Kf3 h5
44.exf5+ gxf5 45.Nb7 c4 46.Nc5+ Kf6 47.Rd8 b3 48.Rb8 h4 49.Nxb3 Rg3+ 50.Kf4 Rxb3
51.Rc8 Rb4 52.Rc6+ Ke7 53.Kxf5 Kd7 54.Rc5 Kd6 55.Rc8 Kd5 56.Rd8+ Kc5 57.Ke4 Rb7
58.Ke3 Rh7 59.Rc8+ Kb4 60.Kd2 h3 61.Rb8+ Kc5 62.Rc8+ Kd6 63.Rd8+ Kc6  0-1

[Event "TCh-HUN 2010-11"]
[Site "Mako HUN"]
[Date "2011.04.17"]
[Round "9"]
[White "Toth,E"]
[Black "Erdos,V"]
[Result "1/2-1/2"]
[WhiteElo "2414"]
[BlackElo "2576"]

1.c4 c6 2.d4 d5 3.Nc3 Nf6 4.Nf3 e6 5.Bg5 h6 6.Bxf6 Qxf6 7.e3 g6 8.Rc1 Nd7
9.Bd3 Bg7 10.O-O O-O 11.Qe2 Qe7 12.Rfd1 a6 13.cxd5 exd5 14.h4 Nb6 15.Qc2 Bg4
16.Qb3 Nc8 17.Be2 Nd6 18.g3 Rad8 19.Qb4 Rfe8 20.Kg2 Bc8 21.Na4 g5 22.hxg5 hxg5
23.Nc5 Ne4 24.Nd3 Qxb4 25.Nxb4 Bf8 26.Nd3 Kg7 27.b4 Bd6 28.Rh1 Re7 29.Nc5 g4
30.Ne1 Nxg3 31.fxg3 Rxe3 32.Bd3 f5 33.Kf2 Rxg3 34.Rc2 Re8 35.Re2 Rxe2+ 36.Kxe2 b6
37.Nb3 Bxb4 38.Nc2 Rh3 39.Rf1 Rh2+ 40.Kd1 Bd6 41.Bxf5 Bxf5 42.Rxf5 Kg6 43.Rf1 g3
44.Ne1 Rxa2 45.Nc1 Rf2 46.Rg1 Kf5 47.Ne2 Kg4 48.Nd3 Kf3 49.Ne1+ Ke3 50.Nc2+ Kd3
51.Ne1+ Kc4 52.Nxg3 Rb2 53.Ne2 Ba3 54.Nc2 Rb1+ 55.Kd2 Bb4+ 56.Nxb4 Rxg1 57.Nxg1 Kxb4
58.Nf3 a5 59.Ne5 c5 60.Nd7 Kb5 61.Kc3 Kc6 62.Ne5+ Kd6 63.Nf7+ Kc7 64.dxc5 bxc5
65.Kb3 Kd7 66.Ka4 Ke6 67.Nd8+ Ke5 68.Nc6+ Ke4 69.Nxa5 Kd3 70.Kb3 c4+ 71.Kb4 c3
72.Nb3 d4 73.Nc5+ Kd2 74.Kc4 c2 75.Kxd4 c1=N  1/2-1/2

[Event "XLII Abierto Internacional"]
[Site "Mar del Plata ARG"]
[Date "2011.04.18"]
[Round "4.19"]
[White "Giardelli,S"]
[Black "Lovece,R"]
[Result "1-0"]
[WhiteElo "2345"]
[BlackElo "2037"]

1.c4 c6 2.e4 d5 3.cxd5 cxd5 4.exd5 Nf6 5.Nc3 Nxd5 6.Nf3 e6 7.Bc4 Nf6 8.d4 Be7
9.O-O O-O 10.Qd3 Nc6 11.a3 b6 12.Bg5 Bb7 13.Rad1 Rc8 14.Ba2 Nd5 15.Bb1 g6
16.Ne4 Bxg5 17.Nexg5 Nf4 18.Qe3 Qc7 19.g3 Nd5 20.Qe4 Nf6 21.Qh4 Kg7 22.Rfe1 Ne7
23.Ne5 Bd5 24.Ng4 Nxg4 25.Qxh7+ Kf6 26.Qh4 Rh8 27.Qxg4 Nf5 28.Be4 Bxe4 29.Nxe4+ Kg7
30.d5 exd5 31.Rxd5 Rh5 32.Nd6 Qc6 33.Rxf5 Qxd6 34.Rxh5 Qd2 35.Rhe5  1-0

[Event "ch-FRA u20b"]
[Site "Montlucon FRA"]
[Date "2011.04.18"]
[Round "2.7"]
[White "Fantinel,T"]
[Black "Pellicano,Marc"]
[Result "1-0"]
[WhiteElo "2235"]
[BlackElo "1862"]

1.c4 c6 2.Nf3 d5 3.e3 Nf6 4.Nc3 Bg4 5.d4 Bxf3 6.Qxf3 e6 7.Bd2 Be7 8.Bd3 O-O
9.O-O Nbd7 10.Rfd1 dxc4 11.Bxc4 Qc7 12.Rac1 Rad8 13.Bb3 Qb8 14.e4 e5 15.d5 cxd5
16.Nxd5 Nxd5 17.Bxd5 Nf6 18.Bb3 Rd4 19.Bg5 Rfd8 20.Rxd4 Rxd4 21.Bxf6 Bxf6
22.Bd5 h6 23.g3 Rb4 24.Qf5 Qd6 25.Rc8+ Bd8 26.Qxf7+ Kh7 27.Qg8+  1-0

[Event "12th TCh-RUS Women"]
[Site "Olginka RUS"]
[Date "2011.04.18"]
[Round "3"]
[White "Lahno,Kateri"]
[Black "Atalik,E"]
[Result "1/2-1/2"]
[WhiteElo "2531"]
[BlackElo "2444"]

1.c4 c6 2.e4 d5 3.exd5 cxd5 4.cxd5 Nf6 5.Nc3 Nxd5 6.Nf3 e6 7.Bc4 Nxc3 8.bxc3 Qc7
9.Qe2 Nc6 10.O-O Na5 11.Bb5+ Bd7 12.d4 Bd6 13.Bd3 Bc6 14.h4 Bd5 15.Bb5+ Kf8
16.h5 f6 17.Bd3 Qxc3 18.h6 Qc7 19.Bd2 Nc6 20.Be4 Qf7 21.Qd3 Bxe4 22.Qxe4 Re8
23.Rfe1 g5 24.Rab1 Rg8 25.d5 exd5 26.Qxe8+ Qxe8 27.Rxe8+ Kxe8 28.Rxb7 Ne7
29.Nd4 a6 30.Be3 Rg6 31.Rb6 f5 32.Kf1 f4 33.Bd2 Bc5 34.Rxg6 Nxg6 35.Ne6 Bf8
36.Nc7+ Kd7 37.Nxd5 Kc6 38.Nf6  1/2-1/2

[Event "ch-USA GpB"]
[Site "Saint Louis USA"]
[Date "2011.04.18"]
[Round "4"]
[White "Seirawan,Y"]
[Black "Shankland,S"]
[Result "1/2-1/2"]
[WhiteElo "2636"]
[BlackElo "2512"]

1.c4 c6 2.e4 d5 3.exd5 cxd5 4.cxd5 Nf6 5.Nc3 Nxd5 6.Nf3 Nc6 7.Bc4 Nb6 8.Bb3 Bf5
9.d4 e6 10.O-O Be7 11.d5 exd5 12.Nxd5 Nxd5 13.Qxd5 Qxd5 14.Bxd5 O-O 15.Bg5 Bxg5
16.Nxg5 h6 17.Ne4 Rfd8 18.Bxc6 bxc6 19.Rfe1 Bxe4 20.Rxe4 Rd2 21.b3 Rad8 22.h4 Rc2
23.Rf4 g6 24.a3 Rc3 25.b4 Rd7 26.a4 h5 27.Re1 Ra3 28.a5 Rc3 29.Re3 Rc1+ 30.Kh2 Kg7  1/2-1/2

[Event "ch-Lower Rhine 2011"]
[Site "Solingen GER"]
[Date "2011.04.18"]
[Round "3.3"]
[White "Heinert,E"]
[Black "Fichtner,E"]
[Result "1/2-1/2"]
[WhiteElo "2180"]
[BlackElo "1970"]

1.c4 c6 2.d4 d5 3.Nf3 Nf6 4.e3 Bf5 5.cxd5 cxd5 6.Nc3 Nc6 7.Ne5 Qc7 8.Qa4 Bd7
9.Nxd7 Qxd7 10.Bd2 e6 11.Rc1 Be7 12.Bd3 O-O 13.Qb3 Rfc8 14.O-O Ne8 15.Na4 f5
16.Nc5 Bxc5 17.Rxc5 Nd6 18.Rfc1 Ne4 19.Bxe4 fxe4 20.Qa4 Qd8 21.b4 a6 22.Qb3 Ne7
23.a4 Nf5 24.Qc2 Nd6 25.Rc7 Rxc7 26.Qxc7 Nc4 27.Qxd8+ Rxd8 28.Bc3 Kf7 29.Kf1 Ke8
30.Ke2 Kd7 31.f3 exf3+ 32.gxf3 Rc8 33.Be1 Nb2 34.Rxc8 Kxc8 35.a5 Kd7 36.Kd2 Kc6
37.Kc3 Nc4 38.e4 Nd6 39.Bg3 dxe4 40.Bxd6 Kxd6 41.fxe4 Kc6 42.Kc4 g5 43.d5+ exd5+
44.exd5+ Kd6 45.b5 h5 46.bxa6 bxa6 47.Kd4 g4 48.Ke4 h4 49.Kf4  1/2-1/2

[Event "34th Open"]
[Site "Donostia ESP"]
[Date "2011.04.19"]
[Round "4"]
[White "Dgebuadze,A"]
[Black "Cruz Lopez Claret,C"]
[Result "1/2-1/2"]
[WhiteElo "2544"]
[BlackElo "2326"]

1.c4 c6 2.Nf3 d5 3.e3 Nf6 4.Nc3 e6 5.Qc2 Nbd7 6.b3 Bd6 7.d4 O-O 8.Be2 e5
9.cxd5 Nxd5 10.Nxd5 cxd5 11.dxe5 Nxe5 12.O-O Nxf3+ 13.Bxf3 Qh4 14.g3 Qf6
15.Bxd5 Bf5 16.e4 Bh3 17.e5 Bxe5 18.Rb1 Rac8 19.Qe2 Bxf1 20.Kxf1 b6 21.Ba3 Rfd8
22.Bc4 Qf5 23.Re1 Bc3 24.Rc1 Bd4 25.Kg2 h6 26.Rd1 Bc5 27.g4 Qg6 28.Bb2 Rxd1
29.Qxd1 Re8 30.Qf3 h5 31.h3 hxg4 32.hxg4 Re4 33.Kh3 Qh6+ 34.Kg2 Qf4 35.Qxf4 Rxf4
36.f3 Bd6 37.Kf2 Kf8 38.Ke2  1/2-1/2

[Event "34th Open"]
[Site "Donostia ESP"]
[Date "2011.04.19"]
[Round "4"]
[White "San Segundo Carrillo,P"]
[Black "Aranaz Murillo,A"]
[Result "1-0"]
[WhiteElo "2513"]
[BlackElo "2164"]

1.c4 c6 2.d4 d5 3.Nf3 Nf6 4.Nc3 a6 5.a4 e6 6.g3 dxc4 7.Bg2 Bb4 8.O-O Bxc3
9.bxc3 O-O 10.Ne5 Qa5 11.Ba3 Rd8 12.Nxc4 Qc7 13.a5 Ne8 14.Nb6 Ra7 15.Bc5 Nd6
16.f4 Nb5 17.c4  1-0

[Event "9th V Nabokov IM"]
[Site "Kyiv UKR"]
[Date "2011.04.19"]
[Round "2.5"]
[White "Grinev,V"]
[Black "Tovmasian,V"]
[Result "0-1"]
[WhiteElo "2375"]
[BlackElo "2285"]

1.c4 c6 2.e4 d5 3.exd5 cxd5 4.d4 Nf6 5.Nc3 Nc6 6.Nf3 Bg4 7.cxd5 Nxd5 8.Qb3 Bxf3
9.gxf3 Nb6 10.Be3 e6 11.O-O-O Rc8 12.Kb1 Qf6 13.d5 Nxd5 14.Nxd5 exd5 15.Bh3 Rd8
16.Qxb7 Be7 17.Rc1 Ne5 18.Qb5+ Kf8 19.f4 a6 20.Qb7 Nc4 21.Rhd1 Nxe3 22.fxe3 g6
23.Rc6 Qh4 24.Rxa6 Qxh3 25.Ra7 Qxe3 26.a4 Qe6 27.Rc1 Bd6  0-1

[Event "34th Open"]
[Site "Donostia ESP"]
[Date "2011.04.20"]
[Round "5"]
[White "Spraggett,K"]
[Black "Starostits,I"]
[Result "1/2-1/2"]
[WhiteElo "2576"]
[BlackElo "2486"]

1.c4 c6 2.e4 d5 3.exd5 cxd5 4.cxd5 Nf6 5.Nc3 Nxd5 6.Nf3 Nc6 7.Bb5 Nxc3 8.bxc3 Qd5
9.Qe2 Bg4 10.d4 e6 11.Bc4 Qa5 12.Bd2 Be7 13.h3 Bf5 14.O-O O-O 15.Bb3 Bf6
16.Rac1 Qc7 17.Bg5 Rac8 18.Rfd1 Bxg5 19.Nxg5 Na5 20.c4 Rfd8 21.Qe3 Qb6 22.Nf3 h6
23.Ne5 Qb4 24.g4 Bh7 25.Rc3 Nc6 26.Nxc6 Rxc6 27.c5 Rcc8 28.Rcc1 Qb5 29.d5 exd5
30.Bxd5 Bg6 31.Qb3 Qxb3 32.axb3 Kf8 33.b4 Rc7 34.Bf3 Rxd1+ 35.Rxd1 Ke7 36.Ra1 a6
37.Ra3 Kd8 38.Kg2 Re7 39.c6 Be4 40.Bxe4 Rxe4 41.cxb7 Rxb4 42.Rxa6 Rxb7  1/2-1/2

[Event "ch-ISL"]
[Site "Egilsstadir ISL"]
[Date "2011.04.20"]
[Round "6"]
[White "Johannesson,I"]
[Black "Halldorsson,J"]
[Result "1-0"]
[WhiteElo "2338"]
[BlackElo "2195"]

1.c4 c6 2.Nf3 d5 3.g3 Nf6 4.Bg2 Bg4 5.Ne5 Be6 6.cxd5 Bxd5 7.Nf3 c5 8.Nc3 Bc6
9.O-O e6 10.d3 Be7 11.e4 O-O 12.Qe2 b5 13.Rd1 b4 14.Nb1 Nbd7 15.Nbd2 Qc7
16.Nc4 Nb6 17.Bf4 Qd8 18.Na5 Bb5 19.a3 a6 20.Ne5 Rc8 21.axb4 cxb4 22.Rac1 Qe8
23.Rxc8 Nxc8 24.Rc1 Na7 25.Qe3 Nc8 26.Nec6 Bd8 27.d4 Qd7 28.Ne5 Qa7 29.Nac6 Bxc6
30.Nxc6 Qb7 31.Be5 Ng4 32.Nxd8 Rxd8 33.Qg5 f6 34.Qxg4 fxe5 35.Qxe6+  1-0

[Event "34th Open"]
[Site "Donostia ESP"]
[Date "2011.04.21"]
[Round "7"]
[White "Mateo,Ra"]
[Black "Aranaz Portugues,J"]
[Result "1-0"]
[WhiteElo "2446"]
[BlackElo "2130"]

1.c4 c6 2.d4 d5 3.Qc2 e6 4.Nf3 Bd6 5.e4 dxe4 6.Qxe4 Nf6 7.Qc2 c5 8.dxc5 Bxc5
9.Be2 O-O 10.O-O Bd7 11.a3 a5 12.Nc3 Qc7 13.Bg5 Bc6 14.Rac1 Nbd7 15.Nb5 Qb6
16.Rcd1 Be4 17.Qc3 a4 18.Ne5 Bc6 19.Nxd7 Nxd7 20.Qg3 Kh8 21.Bd3 Rac8 22.Rd2 f5
23.Nd6 Ra8 24.Be7 Bd4 25.Bxf8 Rxf8 26.Nb5 Bxb5 27.cxb5 Nf6 28.Re2 Rd8 29.h3 g6
30.Rc2 e5 31.Rfc1 Nh5 32.Qg5 Bxf2+ 33.Rxf2 Rxd3 34.Qe7 Qd8 35.Qxe5+ Qf6 36.Qxf6+ Nxf6
37.Rc7 Ne4 38.Rf1 Rb3 39.Rd1  1-0

[Event "Chance Cup Open 2011"]
[Site "Frydek Mistek CZE"]
[Date "2011.04.21"]
[Round "2"]
[White "Jacko,V2"]
[Black "Pupak,Tomas"]
[Result "1-0"]
[WhiteElo "2158"]
[BlackElo "1998"]

1.c4 c6 2.d4 d5 3.Nf3 Nf6 4.e3 Qb6 5.Bd3 Bg4 6.Nbd2 Nbd7 7.h3 Bxf3 8.Nxf3 dxc4
9.Bxc4 Qb4+ 10.Nd2 Ne4 11.a3 Qa5 12.Qb3 Nd6 13.O-O Nxc4 14.Nxc4 Qc7 15.Bd2 e6
16.e4 Be7 17.e5 O-O 18.Qg3 Kh8 19.Rac1 Nb6 20.Ba5 Rad8 21.Qb3 Rd5 22.Rfd1 Rfd8
23.a4 h6 24.Rd3 Kg8 25.Rcd1 Bf8 26.Kh1 Be7 27.f4 Rxa5 28.Nxa5 Nd5 29.Nc4 Nxf4
30.Rf3 Ne2 31.Qe3  1-0

[Event "ch-Lower Rhine 2011"]
[Site "Solingen GER"]
[Date "2011.04.21"]
[Round "6.1"]
[White "Koehler,Mark"]
[Black "Heinert,E"]
[Result "0-1"]
[WhiteElo "2105"]
[BlackElo "2180"]

1.c4 c6 2.g3 d5 3.Bg2 Nf6 4.Nf3 Bg4 5.O-O e6 6.b3 a5 7.Bb2 Nbd7 8.d4 Be7
9.Nc3 O-O 10.Nd2 Qb6 11.c5 Qc7 12.f4 b6 13.cxb6 Qxb6 14.Nf3 a4 15.h3 Bh5
16.g4 Bg6 17.Ne5 Nxe5 18.fxe5 Nd7 19.e3 Rfb8 20.Rf2 axb3 21.axb3 Rxa1 22.Qxa1 Bg5
23.Bc1 h6 24.Rb2 Qb4 25.Ra2 Qxb3 26.Rb2 Qc4 27.Rxb8+ Nxb8 28.Bd2 Qd3 29.Qc1 Nd7
30.Bf1 Qc2 31.Qxc2 Bxc2 32.Na2 Bb3 33.Nc1 Bc4 34.Nd3 Kf8 35.Kf2 Ke8 36.Ba5 Nb8
37.Be2 Na6 38.Nb4 Bxe2 39.Kxe2 Nxb4 40.Bxb4 Be7 41.Ba5 c5 42.dxc5 Bxc5 43.Kd3 g6
44.e4 Kd7 45.Bd2 h5 46.gxh5 gxh5 47.Bg5 Kc6 48.Bh6 Kb5 49.Bd2 Bf2 50.Bg5 Kb4
51.Be7+ Kb3 52.Bg5 d4 53.Bc1 h4 54.Bd2 Kb2 55.Bg5 Kb1 56.Bd2 Bg3 57.Kxd4 Kc2
58.Bg5 Bf2+ 59.Kc4 Kd1 60.Kb5 Ke2 61.Kc6 Kf3 62.Kd7 Kxe4 63.Bf6 Kf5 64.Ke7 Kg6
65.Ke8 Bg3 66.Kd7 Bf4 67.Bxh4 Bxe5 68.Kc6 Bb2 69.Kc5 Kf5 70.Kc4 Ke4 71.Kb3 Bg7
72.Kc2 Kf3 73.Be7 Kg3 74.h4 Kg4 75.Kd3 f6 76.Ke4 Kxh4 77.Kf4 Kh5 78.Ke4 Kg4
79.Kd4 f5+ 80.Kc5 f4 81.Kc6 f3 82.Bc5 Kg3 83.Be3 f2 84.Bxf2+ Kxf2 85.Kd6 e5  0-1

[Event "V New Open Lugano"]
[Site "Lugano SUI"]
[Date "2011.04.22"]
[Round "1.13"]
[White "Patuzzo,F"]
[Black "Ballista,Massimiliano"]
[Result "1-0"]
[WhiteElo "2241"]
[BlackElo "1620"]

1.c4 c6 2.Nf3 Nf6 3.Nc3 d5 4.e3 Bg4 5.Qb3 Bxf3 6.Qxb7 Nbd7 7.gxf3 Qc8 8.Qxc8+ Rxc8
9.d4 e6 10.Bd2 Bb4 11.a3 Ba5 12.b4 Bc7 13.c5 O-O 14.Ba6 Rb8 15.b5 cxb5 16.Nxb5 Bd8
17.c6 Rb6 18.c7 Bxc7 19.Nxc7 Ne8 20.Bb5 Nef6 21.Ba5 Rb7 22.Rc1 Nb8 23.Kd2 h6
24.Rc2 Rc8 25.Ba4 Nbd7 26.Rhc1 e5 27.Nxd5 Rxc2+ 28.Rxc2 Nxd5 29.Bc6  1-0

[Event "Philadelphia Open"]
[Site "Philadelphia USA"]
[Date "2011.04.22"]
[Round "5"]
[White "Nagendra,R"]
[Black "Richman,Jonathan T"]
[Result "1-0"]
[WhiteElo "2314"]
[BlackElo "2021"]

1.c4 c6 2.e3 d5 3.Nf3 Nf6 4.b3 Bf5 5.d3 e6 6.Be2 h6 7.O-O Nbd7 8.Bb2 Bd6
9.Nbd2 O-O 10.Qc2 Bh7 11.Rfd1 Qe7 12.Bf1 Ba3 13.Re1 Rfc8 14.Rac1 Bxb2 15.Qxb2 b5
16.e4 bxc4 17.e5 Ne8 18.dxc4 a5 19.cxd5 cxd5 20.Bb5 Nc5 21.Qa3 Kf8 22.Rc3 Ne4
23.Rxc8 Rxc8 24.Qxa5 Qc5 25.Re3 Nxd2 26.Nxd2 d4 27.Rf3 Nc7 28.a4 Kg8 29.b4 Qxe5
30.Qa7 Bg6 31.Qb7 Rf8 32.Bf1 Nd5 33.b5 Nc3 34.Nb3 Qe1 35.Nxd4 e5 36.Re3 Qc1
37.Nf3 Nxa4 38.Nxe5 Bf5 39.Nxf7 Nc5 40.Nxh6+ Kh7 41.Qe7  1-0

[Event "ch-USA GpB Rapid Playoff"]
[Site "Saint Louis USA"]
[Date "2011.04.22"]
[Round "1"]
[White "Onischuk,Al"]
[Black "Shankland,S"]
[Result "1/2-1/2"]
[WhiteElo "2678"]
[BlackElo "2512"]

1.c4 c6 2.e4 d5 3.exd5 cxd5 4.d4 Nf6 5.Nc3 Nc6 6.Bg5 dxc4 7.d5 Ne5 8.Nf3 Bg4
9.Be2 Bxf3 10.gxf3 g6 11.Qd4 Nd3+ 12.Bxd3 cxd3 13.d6 Bg7 14.Qa4+ Qd7 15.Qxd7+ Kxd7
16.dxe7 h6 17.Be3 Kxe7 18.O-O-O Rhd8 19.Rd2 Rac8 20.Re1 Kf8 21.Red1 a6 22.Rxd3 Rxd3
23.Rxd3 Ke7 24.Bd4 Nh5 25.Kd2 Bxd4 26.Rxd4 Nf6 27.Ke3 Rc5 28.Rh4 Re5+ 29.Kd4 Rf5
30.Ke3 Re5+ 31.Kd4 Rf5 32.Ke3 Re5+  1/2-1/2

[Event "Doeberl Cup Premier"]
[Site "Canberra AUS"]
[Date "2011.04.23"]
[Round "5.2"]
[White "Illingworth,M"]
[Black "Deviatkin,A"]
[Result "0-1"]
[WhiteElo "2345"]
[BlackElo "2566"]

1.c4 c6 2.d4 d5 3.Nf3 Nf6 4.Nc3 e6 5.Bg5 Nbd7 6.e3 Qa5 7.cxd5 exd5 8.Bd3 Ne4
9.O-O Nxg5 10.Nxg5 Nf6 11.Qc2 h6 12.Nf3 Bd6 13.h3 Qc7 14.Rab1 a5 15.Rfc1 Qe7
16.Na4 Bc7 17.Nc5 O-O 18.Bf5 Bxf5 19.Qxf5 Bd6 20.Nd2 Rfe8 21.Rc2 a4 22.Nd3 g6
23.Qf3 Kg7 24.Qd1 h5 25.b4 axb3 26.Rxb3 Ra7 27.Qb1 Rea8 28.Rcb2 b5 29.Rc3 Ra6
30.Qc2 Qe8 31.Nc5 Bxc5 32.Rxc5 Qe6 33.Rc3 Qe8 34.Rc5 R8a7 35.Qb1 Nd7 36.Rc1 Nb6
37.e4 Nc4 38.Nxc4 dxc4 39.d5 Ra5 40.Rd2 Kh7 41.Re1 Rd7 42.Qb4 Ra4 43.Qc5 Rxd5
44.Rxd5 cxd5 45.Qxd5 Rxa2 46.e5 Ra6 47.f4 Kg7 48.Rb1 c3 49.Qd4 Rc6 50.e6+ Kh7
51.exf7 Qxf7 52.Qb4 c2 53.Rc1 Qa7+ 54.Kh2 Qc5 55.Qe4 Rc7 56.f5 Qd6+ 57.Kh1 Qd1+
58.Kh2 Qxc1 59.fxg6+ Kh6  0-1

[Event "Doeberl Cup Premier"]
[Site "Canberra AUS"]
[Date "2011.04.23"]
[Round "6.27"]
[White "Kevork,Chris"]
[Black "Hu,J"]
[Result "0-1"]
[WhiteElo "1933"]
[BlackElo "2190"]

1.c4 c6 2.e4 d5 3.exd5 cxd5 4.d4 Nf6 5.Nc3 g6 6.Nf3 Bg7 7.cxd5 O-O 8.Bc4 Nbd7
9.O-O Nb6 10.Bb3 Nfxd5 11.h3 Be6 12.Ne4 Nc7 13.Bc2 Rc8 14.Bf4 Nb5 15.Nc5 Nxd4
16.Nxe6 Nxe6 17.Be5 Bxe5 18.Nxe5 Qc7  0-1

[Event "17th Asian Cities"]
[Site "Jakarta INA"]
[Date "2011.04.23"]
[Round "2.9"]
[White "Bae,Jisoo"]
[Black "Lee Kah Meng Elgin"]
[Result "0-1"]
[WhiteElo "1481"]
[BlackElo "1904"]

1.c4 c6 2.d4 d5 3.Nf3 Nf6 4.Nc3 dxc4 5.e4 b5 6.Qc2 Bb7 7.a4 a6 8.Bg5 Nbd7
9.Be2 h6 10.Bf4 e6 11.O-O Be7 12.b3 b4 13.Nd1 c3 14.Ne3 c5 15.e5 Nd5 16.Nxd5 Bxd5
17.Rad1 Qc7 18.dxc5 Nxc5 19.Nd4 O-O 20.Bf3 Rfd8 21.Bxd5 Rxd5 22.Nf3 Rad8
23.Rxd5 Rxd5 24.Rd1 Qd7 25.Re1 Nd3 26.g3 Nxe1 27.Nxe1 Bg5 28.Bxg5 hxg5 29.Qe4 Rd1
30.Kg2 Qd5 31.Qxd5 Rxd5 32.Nc2 a5 33.Kf3 Rd2 34.Ne3 c2 35.Nxc2 Rxc2  0-1